000 00793nam a22002177a 4500
005 20240530110533.0
008 160323s2012 ua f 000 0 ara d
017 _a2010/14614
_bمصر . دار الكتب المصرية
020 _a9789770928929
040 _aEG-CaGPL
082 0 4 _221
_a330.962
_bق/ج ق
100 0 _aجلال امين .
245 1 0 _aقصة الاقتصاد المصرى :
_bمن عهد محمد على الى عهد مبارك /
_cجلال امين .
250 _aط1.
260 _aالقاهرة :
_bدار الشروق ،
_c2012 .
300 _a167 ص ؛
_c24 سم .
650 0 4 _aديون مصر .
651 0 4 _aمصر
_xالاحوال الاقتصادية
_yالعصر الحديث .
942 _2ddc
_cBK
999 _c62129
_d62129